[Event "Wch Juvenil 2010 sub16"]
[Site "Porto Carras GRE"]
[Date "2010.10.24"]
[Round "6.6"]
[White "Bajarani, Ulvi"]
[Black "Volkov, Nika"]
[Result "1-0"]
[WhiteElo "2408"]
[BlackElo "2159"]
[PlyCount "89"]
[EventDate "2010.10.20"]
[EventType "swiss"]
[EventRounds "11"]
[EventCountry "GRE"]
[Source "lmi"]
[SourceDate "2010.10.20"]

1. g3 d5 2. Nf3 e6 3. Bg2 Nf6 4. O-O c5 5. d4 Nc6 6. c4 dxc4 7. dxc5 Qxd1 8.
Rxd1 Bxc5 9. Nbd2 Ng4 10. Ne4 Be7 11. h3 Nf6 12. Ned2 c3 13. bxc3 Nd5 14. Bb2
O-O 15. c4 Nc7 16. Nb3 f6 17. Nfd2 e5 18. Ne4 a5 19. Nd6 Ne6 20. Nxc8 Rfxc8 21.
Bd5 Ncd8 22. f4 exf4 23. Nd4 Bc5 24. gxf4 Kf8 25. e3 Nxd4 26. exd4 Bd6 27. f5
Rab8 28. c5 Be7 29. Rac1 Rc7 30. Bc3 b6 31. Be1 Rd7 32. Be6 Nxe6 33. fxe6 Rd5
34. Bg3 Rbd8 35. Bc7 bxc5 36. Bxd8 Rxd8 37. d5 f5 38. Rb1 Bf6 39. Rb7 Ke8 40.
d6 Bd4+ 41. Rxd4 cxd4 42. Re7+ Kf8 43. Rf7+ Kg8 44. e7 Re8 45. Rxf5 1-0

[Event "Wch Juvenil 2010 sub16"]
[Site "Porto Carras GRE"]
[Date "2010.10.24"]
[Round "6.9"]
[White "Ten Hertog, Hugo"]
[Black "Bukavshin, Ivan"]
[Result "1/2-1/2"]
[WhiteElo "2208"]
[BlackElo "2430"]
[PlyCount "81"]
[EventDate "2010.10.20"]
[EventType "swiss"]
[EventRounds "11"]
[EventCountry "GRE"]
[Source "lmi"]
[SourceDate "2010.10.20"]

1. e4 c5 2. Nf3 e6 3. d4 cxd4 4. Nxd4 Nc6 5. Nc3 Qc7 6. Be3 Nf6 7. f4 Bb4 8.
Ndb5 Qa5 9. e5 Nd5 10. Bd2 Nxc3 11. bxc3 Bc5 12. Bd3 a6 13. Nd4 d5 14. Nb3 Qb6
15. Nxc5 Qxc5 16. Rb1 b5 17. Qg4 g6 18. h4 h5 19. Qg5 Qe7 20. Be3 Bd7 21. Kd2
Rc8 22. a4 Na5 23. axb5 Bxb5 24. Bxb5+ axb5 25. Qxe7+ Kxe7 26. Rxb5 Nc4+ 27.
Kd3 Nxe3 28. Rb7+ Kf8 29. Kxe3 Rxc3+ 30. Kd2 Rg3 31. Rg1 Kg7 32. Rb3 Rg4 33. g3
Rc8 34. Ra1 g5 35. fxg5 Re4 36. Ra7 Rxe5 37. Rf3 Rf8 38. Rf4 Kg6 39. Rf6+ Kg7
40. Rf4 Kg6 41. Rf6+ 1/2-1/2

[Event "Wch Juvenil 2010 sub16"]
[Site "Porto Carras GRE"]
[Date "2010.10.27"]
[Round "8.14"]
[White "Hosseinipour, Mehdi"]
[Black "Martinez, Romero Martin"]
[Result "0-1"]
[WhiteElo "2304"]
[BlackElo "2203"]
[PlyCount "160"]
[EventDate "2010.10.20"]
[EventType "swiss"]
[EventRounds "11"]
[EventCountry "GRE"]
[Source "lmi"]
[SourceDate "2010.10.20"]

1. e4 d6 2. d4 Nf6 3. Nc3 e5 4. Nf3 Nbd7 5. Bc4 Be7 6. O-O O-O 7. a4 c6 8. Ba2
exd4 9. Nxd4 Nc5 10. Re1 a5 11. h3 Be6 12. Qf3 Nfd7 13. Be3 Ne5 14. Qe2 Bf6 15.
f4 Ned7 16. Qf3 Kh8 17. Bf2 Qc7 18. g4 Bxa2 19. Rxa2 Rae8 20. Raa1 Ne6 21. Nde2
g6 22. Rad1 Bg7 23. b3 f5 24. exf5 gxf5 25. g5 d5 26. Rf1 Ndc5 27. Kg2 Ne4 28.
Be1 Qf7 29. h4 d4 30. Nb1 Rd8 31. Bxa5 Rd5 32. Bb4 Rfd8 33. Na3 b5 34. axb5
cxb5 35. Nb1 Qb7 36. Kh2 Qc7 37. Na3 N6c5 38. Nc1 Na6 39. Nd3 Nxb4 40. Nxb4
R5d7 41. Nd3 Qa5 42. Nb1 Rc7 43. Ne1 Qb6 44. Qg2 Rdc8 45. Nd2 Qg6 46. Ndf3 Qh5
47. Qh3 Rc5 48. Rd3 Rd5 49. Qg2 Re8 50. Kh3 Nc5 51. Rd2 Re4 52. Qg3 Re3 53. Qg2
Ne6 54. Qg3 Bf8 55. Ng2 Bd6 56. Rd3 Re4 57. Nd2 Re2 58. Qf3 Qxf3+ 59. Nxf3 Rxc2
60. Rfd1 Bxf4 61. Re1 Rc3 62. Red1 b4 63. Nfe1 Bd6 64. Rxc3 bxc3 65. Nd3 Rb5
66. b4 Bxb4 67. Rb1 c2 68. Rc1 Ba3 69. Rxc2 Rb3 70. Rd2 Nc5 71. Ngf4 Bc1 72.
Kg2 Bxd2 73. Nxc5 Rb1 74. Nfe6 Be3 75. h5 Rg1+ 76. Kh2 f4 77. Nd3 Kg8 78. Ne5
d3 79. Nxd3 f3 80. Ne5 f2 0-1

[Event "Wch Juvenil 2010 sub16"]
[Site "Porto Carras GRE"]
[Date "2010.10.28"]
[Round "9.17"]
[White "Meskovs, Nikita"]
[Black "Volkov, Nika"]
[Result "1/2-1/2"]
[WhiteElo "2263"]
[BlackElo "2159"]
[PlyCount "77"]
[EventDate "2010.10.20"]
[EventType "swiss"]
[EventRounds "11"]
[EventCountry "GRE"]
[Source "lmi"]
[SourceDate "2010.10.20"]

1. d4 Nf6 2. c4 e6 3. Nc3 Bb4 4. f3 c5 5. d5 b5 6. e4 bxc4 7. Bxc4 Nxd5 8. Bxd5
exd5 9. Qxd5 Nc6 10. Bf4 Qf6 11. Nge2 Ba6 12. Bg5 Qe5 13. a3 Ba5 14. b4 Bxe2
15. Qxe5+ Nxe5 16. Kxe2 cxb4 17. axb4 Bxb4 18. Nd5 Bd6 19. f4 Ng6 20. e5 f6 21.
exd6 fxg5 22. Nc7+ Kf7 23. fxg5 Rab8 24. Rhf1+ Kg8 25. Rxa7 h6 26. Nd5 Ne5 27.
Rxd7 Rb2+ 28. Ke3 hxg5 29. Rd8+ Kh7 30. Rxh8+ Kxh8 31. Rf8+ Kh7 32. Rd8 Rxg2
33. d7 Nxd7 34. Rxd7 Rxh2 35. Ne7 Rh3+ 36. Ke4 Rh1 37. Kf5 Rg1 38. Nd5 Kh6 39.
Rd6+ 1/2-1/2